Sports Quiz

Random Sports or Football Quiz
Score 0/9 Timer 02:00
0 Plays Today
Year Player % Correct
2018Will Grier
98.2%
2007Pat White
92.1%
2008Pat White
92.1%
2012Tavon Austin
86.8%
1989Major Harris
76.3%
2006Steve Slaton
75.4%
1988Major Harris
73.7%
1997Amos Zereoue
51.8%
1983Jeff Hostetler
46.5%
Remove Ads.
Support Sporcle.
Get the best of Sporcle when you Go Orange. This ad-free experience offers more features, more stats, and more fun while also helping to support Sporcle. Thank you for becoming a member.

You're not logged in!

Compare scores with friends on all Sporcle quizzes.
OR
Log In

Show Comments

Extras

Top Quizzes Today


Score Distribution

Your Account Isn't Verified!

In order to create a playlist on Sporcle, you need to verify the email address you used during registration. Go to your Sporcle Settings to finish the process.

Report this User

Report this user for behavior that violates our Community Guidelines.

Details: